000 00539nam a2200181Ia 4500
999 _c21507
_d21507
003 OSt
005 20200630100922.0
008 190216s9999||||xx |||||||||||||| ||und||
020 _a9780195644456
040 _coclc
082 _a934.045092
_bTHA/A
100 _aThapar, Romila
_9444
245 0 _aAsoka And The Decline Of The Mauryas /
_cRomila Thapar
260 _bOxford University Press,
_c2011.
_aNew Delhi:
300 _a344p
650 _aHistory
942 _cBK
_2ddc
_h934.045092
_iTHA/A
_k934.045092
_mTHA/A